Chitty on contracts (Record no. 103597)
[ view plain ]
| 000 -LEADER | |
|---|---|
| fixed length control field | 01232cam a2200361 4500 |
| 008 - FIXED-LENGTH DATA ELEMENTS--GENERAL INFORMATION | |
| fixed length control field | 000000n2004 000 0 eng u |
| 020 ## - INTERNATIONAL STANDARD BOOK NUMBER | |
| International Standard Book Number | 0421842601 |
| 020 ## - INTERNATIONAL STANDARD BOOK NUMBER | |
| International Standard Book Number | 0421842806 |
| 035 ## - SYSTEM CONTROL NUMBER | |
| System control number | (Sirsi) u126282 |
| 041 ## - LANGUAGE CODE | |
| Language code of text/sound track or separate title | eng |
| 050 ## - LIBRARY OF CONGRESS CALL NUMBER | |
| Classification number | 346.4102 |
| -- | 18 |
| 245 ## - TITLE STATEMENT | |
| Title | Chitty on contracts |
| Remainder of title | volume I - general principles |
| 250 ## - EDITION STATEMENT | |
| Edition statement | 29th ed. |
| 260 ## - PUBLICATION, DISTRIBUTION, ETC. | |
| Place of publication, distribution, etc. | London |
| Name of publisher, distributor, etc. | Sweet and Maxwell |
| Date of publication, distribution, etc. | 2004 |
| 300 ## - PHYSICAL DESCRIPTION | |
| Extent | 1 v. (ccclii, 1967p.) |
| Dimensions | 25cm. |
| 350 ## - PRICE (NR) (BK AM CF MU VM SE) [OBSOLETE] | |
| Price | 330 |
| 490 ## - SERIES STATEMENT | |
| Series statement | Sweet and Maxwell Common Law Library |
| Volume/sequential designation | 1 |
| 505 ## - FORMATTED CONTENTS NOTE | |
| Formatted contents note | Formation of contract |
| 505 ## - FORMATTED CONTENTS NOTE | |
| Formatted contents note | Capacity of parties |
| 505 ## - FORMATTED CONTENTS NOTE | |
| Formatted contents note | The terms of the contract |
| 505 ## - FORMATTED CONTENTS NOTE | |
| Formatted contents note | Illegality and public policy |
| 505 ## - FORMATTED CONTENTS NOTE | |
| Formatted contents note | Joint obligations, third parties and assignment |
| 505 ## - FORMATTED CONTENTS NOTE | |
| Formatted contents note | Performance and discharge |
| 505 ## - FORMATTED CONTENTS NOTE | |
| Formatted contents note | Remedies for breach of contract |
| 505 ## - FORMATTED CONTENTS NOTE | |
| Formatted contents note | Restitution |
| 505 ## - FORMATTED CONTENTS NOTE | |
| Formatted contents note | Conflict of laws |
| 520 ## - SUMMARY, ETC. | |
| Summary, etc. | First volume of this two volume work looking in detail at general principles of contract law. Includes tables of statutes, statutory instruments, non-UK statutory material, cases and European cases. |
| 650 ## - SUBJECT ADDED ENTRY--TOPICAL TERM | |
| Topical term or geographic name entry element | CONTRACT LAW |
| 650 ## - SUBJECT ADDED ENTRY--TOPICAL TERM | |
| Topical term or geographic name entry element | Contracts |
| 9 (RLIN) | 6232 |
| 690 ## - LOCAL SUBJECT ADDED ENTRY--TOPICAL TERM (OCLC, RLIN) | |
| Topical term or geographic name as entry element | LAW |
| 700 ## - ADDED ENTRY--PERSONAL NAME | |
| Personal name | Beale, H.G. |
| International Standard Serial Number | Editor |
| 942 ## - ADDED ENTRY ELEMENTS (KOHA) | |
| Suppress in OPAC | 0 |
No items available.